000 00605nam a22001817a 4500
003 UA-OsUOA
001 17216
007 ta
008 20040217b un ||||| |||| 00| 0 ukr d
100 _aЧерепуха В.
942 _cSA
040 _aUA-OsUOA
_cUA-OsUOA
_dUA-OsUOA
245 _aЩо читатимуть рівняни у 2004 році
_b[Про підсумки передплатної компанії на 2004 р. в обл.]
300 _aС.13
955 _a0
773 0 _w0
_tВільне слово
_dРівне
_d2004
_g№11/ 6 лют./
650 7 _aКраєзнавча робота
_2UDC
999 _c303384
_d303384